The cambridge history of Southeast Asia (0 521 66370 9)

Đã lưu trong:
Bibliografiske detaljer
Hovedforfatter: NICHOLAS TARLING
Format: Bog
Sprog:Undetermined
Udgivet: Cambridge 1999
Tags: Tilføj Tag
Ingen Tags, Vær først til at tagge denne postø!
Thư viện lưu trữ: Trung tâm Học liệu Trường Đại học Cần Thơ
LEADER 00420nam a2200145Ia 4500
001 CTU_49302
008 210402s9999 xx 000 0 und d
082 |a 959 
082 |b C178/Vol.1-P.2 
100 |a NICHOLAS TARLING 
245 4 |a The cambridge history of Southeast Asia (0 521 66370 9) 
245 0 |c NICHOLAS TARLING 
260 |b Cambridge 
260 |c 1999 
980 |a Trung tâm Học liệu Trường Đại học Cần Thơ